[Event "DEN-ch Kort 1-2"]
[Site "Svendborg"]
[Date "2018.03.26"]
[Round "5"]
[White "Nielsen, Jan6666"]
[Black "Saliev, Ramadan"]
[Result "1/2-1/2"]
[WhiteElo "1275"]
[BlackElo "1403"]
[PlyCount "156"]
[EventDate "2018.03.24"]
[EventType "swiss"]
[EventRounds "5"]
[EventCountry "DEN"]
[SourceTitle "EXT 2023"]
[Source "ChessBase"]
[SourceDate "2022.10.05"]
[SourceVersion "1"]
[SourceVersionDate "2022.10.05"]
[SourceQuality "1"]

1. e4 c5 2. Nc3 d6 3. h3 a6 4. Nf3 Nc6 5. a3 Nf6 6. d3 h6 7. Be3 e6 8. Qd2 b5 9. b4 cxb4 10. axb4 Nxb4 11. Be2 Nc6 12. Nxb5 Bb7 13. Nc3 Qc7 14. 0-0 Rd8 15. Na4 Nd7 16. Rfb1 Rb8 17. Rb2 Be7 18. Rab1 Ba8 19. Rxb8+ Ncxb8 20. Nd4 Bf6 21. Nf3 Bc6 22. Nb6 0-0 23. c4 Nxb6 24. Rxb6 Bb7 25. Qb4 Ba8 26. Qxd6 Qxd6 27. Rxd6 Be7 28. Rb6 Rc8 29. Ne5 Bd8 30. Rb3 Bc7 31. Nf3 f6 32. Nd4 Kf7 33. Bg4 Re8 34. Bh5+ g6 35. Bf3 e5 36. Nc2 Nc6 37. Bb6 Rb8 38. c5 Bxb6 39. Rxb6 Rxb6 40. cxb6 a5 41. Bd1 Ke6 42. Na3 Kd6 43. Ba4 Nb4 44. Nc4+ Kc5 45. Nxa5 Kxb6 46. Nc4+ Kc5 47. Nb2 Kd4 48. Bb5 Bc6 49. Bxc6 Nxc6 50. f3 Kc3 51. Na4+ Kxd3 52. Nc5+ Ke3 53. Nd7 f5 54. exf5 gxf5 55. Nf6 Kf4 56. Kf2 Kg5 57. Nd5 h5 58. g3 h4 59. f4+ exf4 60. gxf4+ Kg6 61. Ke3 Kf7 62. Kd3 Ke6 63. Ne3 Nb4+ 64. Kc4 Na2 65. Ng2 Nc1 66. Nxh4 Ne2 67. Ng2 Ng3 68. Kd4 Kd6 69. h4 Ne2+ 70. Ke3 Ng3 71. Kd4 Ne2+ 72. Ke3 Ng3 73. Kf3 Nh5 74. Ne3 Ke6 75. Nc4 Kd5 76. Ne3+ Ke6 77. Nxf5 Kxf5 78. Ke3 Nxf4 1/2-1/2

[Event "DEN-ch Kort 1"]
[Site "Skorping"]
[Date "2014.04.12"]
[Round "1"]
[White "Simonsen, Regnar"]
[Black "Saliev, Ramadan"]
[Result "1-0"]
[WhiteElo "1836"]
[BlackElo "1193"]
[PlyCount "93"]
[EventDate "2014.04.12"]
[EventType "swiss"]
[EventRounds "5"]
[EventCountry "DEN"]
[SourceTitle "EXT 2023"]
[Source "ChessBase"]
[SourceDate "2022.10.05"]
[SourceVersion "1"]
[SourceVersionDate "2022.10.05"]
[SourceQuality "1"]

1. d4 Nf6 2. c4 e6 3. Nf3 d5 4. e3 Ne4 5. a3 c5 6. Bd3 Qa5+ 7. Nbd2 Be7 8. 0-0 Nxd2 9. Bxd2 Qc7 10. cxd5 exd5 11. dxc5 0-0 12. Qc2 g6 13. Rac1 Bg4 14. Nd4 Rc8 15. b4 a6 16. Qb3 Qd7 17. h3 Be6 18. Nxe6 Qxe6 19. e4 Rd8 20. Bf4 Nc6 21. exd5 Qxd5 22. Qxd5 Rxd5 23. Be4 Rd4 24. Bxc6 bxc6 25. Be5 Rd3 26. Rc3 Rad8 27. Rfc1 Bg5 28. Rxd3 Rxd3 29. Rc3 Rd1+ 30. Kh2 f6 31. Bc7 Kg7 32. f4 Bh6 33. Re3 Rd7 34. Bb8 Kf7 35. g3 Bf8 36. Rc3 Rd2+ 37. Kg1 f5 38. Be5 Be7 39. a4 Rb2 40. Rc4 h5 41. Bxb2 Ke6 42. Be5 Bf6 43. Bxf6 Kxf6 44. Rd4 Ke7 45. b5 axb5 46. axb5 cxb5 47. c6 1-0